| 000 | 00748nam a2200265 a 4500 | ||
|---|---|---|---|
| 003 | AR-BaBNM | ||
| 005 | 20251128205920.0 | ||
| 008 | 082120s2002 ||||||||||||||000 | spa|| | ||
| 020 | _a84-387-0365-8 | ||
| 040 | _cAR-BaBNM | ||
| 100 | 1 | _aEscudero, María Pilar | |
| 245 | 0 | 0 |
_aMúsica en la educación primaria [Logse] 1er ciclo _blibro del alumno _n1 |
| 250 | _a1ª ed. | ||
| 260 |
_aMadrid _bReal Musical _c1983 |
||
| 300 |
_a27 p. _bil. |
||
| 500 | _aLogse: Ley de Ordenamiento General del Sistema Educativo | ||
| 650 | 4 | _aEDUCACION MUSICAL | |
| 650 | 4 | _aACTIVIDADES DE APRENDIZAJE | |
| 650 | 4 | _aCANTO | |
| 650 | 4 | _aGUIA DEL ESTUDIANTE | |
| 653 | _aCANCIONEROS | ||
| 653 | _aEDUCACION PRIMARIA | ||
| 942 | _cBK | ||
| 998 | _cCARMEN | ||
| 999 |
_c13285 _d13285 |
||